| 000 | 01271nac a22002771u 4500 | ||
|---|---|---|---|
| 010 | _a 94172094 | ||
| 020 | _a1557385122 | ||
| 082 | 0 | 0 |
_a368.32009 _bB1811 |
| 090 |
_c4530 _d4530 |
||
| 100 | _aBaldwin, Ben G. | ||
| 245 | 1 | 4 |
_aThe new life insurance investment advisor : _bachieving financial security for you & your family through today's insurance products / _cBen G. Baldwin. |
| 250 | _aRev. ed. | ||
| 260 |
_aChicago, Ill. : _bProbus Pub. Co., _cc1994. |
||
| 300 |
_axvi, 370 p. : _bill. ; _c24 cm. |
||
| 500 | _aRev. ed. of: The life insurance investment advisor. c1988. | ||
| 504 | _aIncludes bibliographical references (p. 353-356) and index. | ||
| 650 | 0 |
_aInsurance, Life _zUnited States. |
|
| 650 | 0 |
_aAnnuities _zUnited States. |
|
| 650 | 0 |
_aVariable annuities _zUnited States. |
|
| 650 | 0 |
_aInvestments _zUnited States. |
|
| 700 | 1 | _aBaldwin, Ben G. | |
| 856 | 4 | 2 |
_3Contributor biographical information _uhttp://www.loc.gov/catdir/enhancements/fy0602/94172094-b.html |
| 856 | 4 | 2 |
_3Publisher description _uhttp://www.loc.gov/catdir/enhancements/fy0602/94172094-d.html |
| 942 |
_cBB _k368.32009B1811 |
||
| 999 |
_c4530 _d4530 |
||